|
|
|
|
| LEADER |
00000nam a22000007a 4500 |
| 005 |
20151022124146.0 |
| 007 |
cr|||| ||u| |
| 008 |
151022s2015 bl ||||| |||| 00||0 por d |
| 020 |
|
|
|a 978-85-361-8498-2
|
| 035 |
|
|
|a 12896
|
| 040 |
|
|
|a vLex
|
| 090 |
|
|
|c 5615
|d 5615
|
| 100 |
1 |
|
|a Marques, Fabo̕la
|
| 245 |
|
|
|a Equiparaȯ̂ salarial
|h [Recurso electrn̤ico] /
|c Fabo̕la Marques
|
| 256 |
|
|
|a Servicio en ln̕ea
|
| 300 |
|
|
|a 1 recurso electrn̤ico (2® edicin̤ – 2015 160 paginas)
|
| 506 |
1 |
|
|a Contenido solo disponible en los productos indicados
|d vLex Global
|d vLex Global (Academic Edition, excluding Law Schools)
|d vLex Global (U.S. Academic Edition, Law Schools)
|d vLex Global (U.S. Academic Edition, excluding Law Schools)
|d vLex Global (Academic Edition, Law Schools)
|
| 650 |
0 |
4 |
|a Salarios
|z Brasil
|
| 740 |
0 |
|
|a vLex libros (servicio en ln̕ea)
|
| 856 |
4 |
0 |
|u http://vlex.com/source/equipara-o-salarial-12896
|z Acceso restringido
|
| 942 |
|
|
|c BOOK
|
| 999 |
0 |
|
|a Wages
|